000 00563pam a2200217 a 4500
001 2859507
005 20180104082750.0
008 850508s1987 mdua 001 0 eng c
010 _a 85011157
020 _a0806703237
040 _aDNLM/DLC
_cDLC
_dDLC
041 _aeng
060 _aQS 17 C626a
080 _a611.00222 CLE
082 0 0 _a611.00222 CLE
_219
100 1 _a6
101 _aANA
245 1 0 _aAnatomy, a regional atlas of the human body /
_cCarmine D. Clemente.
906 _a7
_bcbc
_corignew
_d1
_eocip
_f19
_gy-gencatlg
942 _2ddc
_cBK
999 _c39757
_d39757